[Event "London Chess Classic FIDE Open"]
[Site "London ENG"]
[Date "2010.12.09"]
[Round "2"]
[White "Barle, Janez"]
[Black "Harari, Zaki"]
[Result "1-0"]
[WhiteTitle "IM"]
[WhiteElo "2403"]
[BlackElo "2197"]
[WhiteFideId "14600021"]
[BlackFideId "2002639"]
[EventDate "2010.12.08"]

1. e4 e6 2. Nf3 d5 3. Nc3 Nf6 4. e5 Nfd7 5. d4 c5 6. Bb5 Nc6 7. O-O cxd4 8. Ne2
Be7 9. Nexd4 Qc7 10. Bf4 a6 11. Bd3 Nc5 12. a3 h6 13. b4 Nxd3 14. cxd3 g5 15.
Nxc6 bxc6 16. Be3 a5 17. Bc5 Bxc5 18. bxc5 Ba6 19. Re1 Qe7 20. Rc1 O-O 21. Nd4
Rfc8 22. Qh5 Bxd3 23. Qxh6 Bg6 24. Re3 g4 25. h3 Rab8 26. hxg4 Qf8 27. Qg5 Qg7
28. Rh3 Be4 29. Qf4 Rb2 30. Rh5 Bg6 31. Rh4 a4 32. Rc3 Rb1+ 33. Kh2 Re1 34. Rch3 1-0

[Event "London Chess Classic FIDE Open"]
[Site "London ENG"]
[Date "2010.12.09"]
[Round "2"]
[White "Spivack, Simon S Y"]
[Black "Rendle, Thomas E"]
[Result "0-1"]
[BlackTitle "IM"]
[WhiteElo "2189"]
[BlackElo "2400"]
[WhiteFideId "404780"]
[BlackFideId "408760"]
[EventDate "2010.12.08"]

1. Nf3 f5 2. g3 Nf6 3. Bg2 g6 4. O-O Bg7 5. d4 O-O 6. b3 d6 7. Bb2 Qe8 8. c4 Na6
9. Qc2 Rb8 10. a3 c6 11. Nbd2 Nc7 12. e3 Bd7 13. b4 b5 14. cxb5 Rxb5 15. Nb3
Ncd5 16. Nfd2 g5 17. Rae1 Qh5 18. f3 f4 19. e4 Ne3 20. Rxe3 fxe3 21. Nc4 Rbb8
22. Nxe3 Qg6 23. Rc1 Rbc8 24. g4 e6 25. Na5 Ne8 26. Qd2 Qf6 27. Rc2 Qf4 28. Bc1
Qf6 29. Bb2 Qf4 30. Bc1 Nc7 31. Qd3 Qf6 32. e5 dxe5 33. dxe5 Qe7 34. Qd6 Qxd6
35. exd6 Nb5 36. Nec4 c5 37. Bxg5 cxb4 38. Be7 Nxa3 39. Nxa3 bxa3 40. Ra2 Bd4+
41. Kf1 Bb5+ 0-1

[Event "London Chess Classic FIDE Open"]
[Site "London ENG"]
[Date "2010.12.09"]
[Round "2"]
[White "Cox, John J"]
[Black "Ethelontis, Alexandros N"]
[Result "1/2-1/2"]
[WhiteTitle "IM"]
[WhiteElo "2398"]
[BlackElo "2187"]
[WhiteFideId "401064"]
[BlackFideId "405469"]
[EventDate "2010.12.08"]

1. c4 e5 2. g3 Nf6 3. Bg2 d5 4. cxd5 Nxd5 5. Nc3 Nb6 6. Nf3 Nc6 7. O-O Be7 8. a3
O-O 9. d3 Re8 10. b4 Bf8 11. Bb2 a5 12. b5 Nd4 13. Rc1 a4 14. e3 Nb3 15. Rb1 Bf5
16. e4 Bg4 17. h3 Bxf3 18. Bxf3 Bc5 19. Bg2 Qd6 20. Kh2 Rad8 21. Nxa4 Nxa4 22.
Qxb3 Nxb2 23. Qxb2 Bxa3 24. Qa2 Bc5 25. f4 Qe6 26. Qc2 b6 27. Ra1 f6 28. Ra7
exf4 29. gxf4 Re7 30. Kh1 Qd6 31. Qc4+ Qe6 32. Qxe6+ Rxe6 33. Rd1 Re7 34. Bf1
Rxe4 35. dxe4 Rxd1 36. Kg2 Rd2+ 37. Kg3 Bd6 38. Bc4+ Kf8 39. Ra8+ Ke7 40. Kf3
Rc2 41. Bd5 Rc3+ 42. Kg4 g6 43. Rg8 h5+ 44. Kh4 Bxf4 45. Rxg6 Bg5+ 46. Kxh5
Rxh3+ 47. Kg4 Rd3 48. Rg7+ Kd6 49. Bc6 Ke6 50. Rxc7 Rd6 51. Bd5+ Ke5 52. Re7+
Kd4 53. Kf5 Bh4 54. Bc6 Bg3 55. Kg6 Be5 56. Kf7 Kc5 57. Re8 Rxc6 58. bxc6 Kxc6
59. Ke6 Kc5 60. Rc8+ Kd4 61. Rc1 Kxe4 62. Rb1 Bd4 63. Rxb6 Bxb6 1/2-1/2

[Event "London Chess Classic FIDE Open"]
[Site "London ENG"]
[Date "2010.12.09"]
[Round "2"]
[White "Maduekwe, Chiedu"]
[Black "Hennigan, Michael T"]
[Result "1/2-1/2"]
[BlackTitle "IM"]
[WhiteElo "2185"]
[BlackElo "2388"]
[WhiteFideId "8500118"]
[BlackFideId "400858"]
[EventDate "2010.12.08"]

1. d4 Nf6 2. c4 g6 3. Nc3 Bg7 4. e4 d6 5. f3 O-O 6. Nge2 c5 7. Be3 Qa5 8. Qd2
Nc6 9. d5 Ne5 10. Nc1 a6 11. Be2 Bd7 12. a4 Qb4 13. b3 Nfg4 14. N1a2 Nxe3 15.
Nxb4 Bh6 16. Qa2 cxb4 17. Nd1 Nxg2+ 18. Kf2 Nf4 19. Rf1 f5 20. exf5 Rxf5 21. Kg1
Rg5+ 22. Kh1 Bh3 23. Ne3 Bg2+ 24. Nxg2 Rxg2 25. Rae1 Ned3 26. Qc2 Nxe1 27. Rxe1
Rf8 28. Qe4 Bg5 29. c5 dxc5 30. d6 exd6 31. Qxb7 d5 32. Bxa6 Bh4 33. Rf1 Rb2 34.
Bb5 Rxb3 35. a5 c4 36. a6 Bf2 37. a7 Ra3 38. Ba6 Bxa7 39. Qxa7 b3 40. Qb6 c3 41.
Bb7 b2 42. Bxd5+ Nxd5 43. Qe6+ Kg7 44. Qxd5 Ra1 45. Qd4+ Rf6 46. Qd7+ Rf7 47.
Qd4+ Rf6 1/2-1/2

[Event "London Chess Classic FIDE Open"]
[Site "London ENG"]
[Date "2010.12.09"]
[Round "2"]
[White "Quillan, Gary"]
[Black "Yeo, Michael J"]
[Result "0-1"]
[WhiteTitle "IM"]
[WhiteElo "2385"]
[BlackElo "2183"]
[WhiteFideId "401153"]
[BlackFideId "402257"]
[EventDate "2010.12.08"]

1. e4 e5 2. Nf3 Nc6 3. Bb5 a6 4. Ba4 Nf6 5. O-O b5 6. Bb3 Bb7 7. Re1 Bc5 8. c3
Bb6 9. d4 d6 10. a4 h6 11. axb5 axb5 12. Rxa8 Qxa8 13. Na3 Na5 14. dxe5 Ng4 15.
Nd4 Nxe5 16. Bc2 b4 17. cxb4 Nac6 18. Nxc6 Bxc6 19. Be3 Qa7 20. Bb3 O-O 21. Nc2
Bd7 22. h3 g5 23. Nd4 Bxh3 24. Nb5 Qa6 25. Nxd6 Bg4 26. Qd5 Bxe3 27. Qxe5 Bf4
28. Nxf7 Bxe5 29. Nxe5+ Kg7 30. Nxg4 Qd3 31. Bd5 Qd2 32. Rf1 Qxb2 33. Ne3 Qxb4
34. Rc1 Kg6 35. Rc6+ Rf6 36. Rc1 Rxf2 37. Rc6+ Rf6 38. Bf7+ Kg7 39. Rxf6 Qe1+
40. Rf1 Qxe3+ 41. Kh1 Qxe4 42. Bb3 g4 0-1

[Event "London Chess Classic FIDE Open"]
[Site "London ENG"]
[Date "2010.12.09"]
[Round "2"]
[White "Gavriel, Tryfon C"]
[Black "Andersen, Mads"]
[Result "0-1"]
[BlackTitle "FM"]
[WhiteElo "2170"]
[BlackElo "2382"]
[WhiteFideId "403105"]
[BlackFideId "1413864"]
[EventDate "2010.12.08"]

1. d4 Nf6 2. c4 g6 3. Nc3 d5 4. Bg5 Ne4 5. Bh4 Nxc3 6. bxc3 dxc4 7. e3 Be6 8.
Nf3 Bg7 9. Be2 O-O 10. O-O c6 11. Ng5 Bd5 12. e4 h6 13. exd5 hxg5 14. Bxg5 cxd5
15. h4 Qd6 16. h5 gxh5 17. f4 Nd7 18. f5 e5 19. dxe5 Qxe5 20. Bxh5 Qxc3 21. f6
Nxf6 22. Bxf6 Bxf6 23. Qg4+ Bg7 24. Rad1 Qe3+ 25. Kh1 Rae8 26. Rxd5 Qe4 27. Qxe4
Rxe4 28. g4 Re7 29. Rc5 c3 30. g5 b6 31. Rc6 Re3 32. Bd1 Be5 33. Bf3 Kg7 34. Rf2
Rh8+ 35. Kg2 Re1 36. Bd5 Rh2+ 37. Kf3 Rh4 38. Rc4 Rxc4 39. Bxc4 Bd4 40. Rg2 Re3+
41. Kf4 Re1 42. Bb3 Be3+ 43. Kg4 b5 44. Kf5 Bd2 45. Kg4 Rb1 0-1

[Event "London Chess Classic FIDE Open"]
[Site "London ENG"]
[Date "2010.12.09"]
[Round "2"]
[White "Gullaksen, Eirik"]
[Black "Ernst, Michael"]
[Result "1/2-1/2"]
[WhiteTitle "IM"]
[WhiteElo "2364"]
[BlackElo "2169"]
[WhiteFideId "1500945"]
[BlackFideId "1618393"]
[EventDate "2010.12.08"]

1. e4 e6 2. d4 d5 3. Nc3 Bb4 4. Ne2 dxe4 5. a3 Be7 6. Nxe4 b6 7. g3 Bb7 8. Bg2
Qc8 9. O-O Nf6 10. N2c3 Nbd7 11. Re1 O-O 12. Bf4 Nxe4 13. Nxe4 Nf6 14. Qe2 Nxe4
15. Bxe4 Bf6 16. Be5 Bxe5 17. dxe5 c5 18. Rad1 Qc7 19. Rd6 Rad8 20. Red1 Bxe4
21. Qxe4 h6 22. Qh4 Rxd6 23. exd6 Qd7 24. Qe7 Rd8 25. Rd3 f6 26. Kf1 b5 27. Ke2
a5 28. Qxd7 Rxd7 29. Rc3 c4 30. a4 Rxd6 31. axb5 Rb6 32. b3 Rxb5 33. Rxc4 Kf7
34. Rc7+ Kg6 35. Ra7 f5 36. f4 e5 37. Ke3 exf4+ 38. Kxf4 Rb4+ 39. Ke3 Rb5 40.
Kd4 Kf6 41. Kc4 Re5 42. c3 g5 43. Ra6+ Kg7 44. Kd4 Rb5 45. Kc4 Re5 46. b4 axb4
47. cxb4 f4 48. gxf4 gxf4 49. b5 f3 50. Ra3 f2 51. Rf3 Re2 52. b6 Rb2 53. Kc5
Kg6 54. Kc6 Rc2+ 55. Kd7 Rd2+ 56. Kc6 1/2-1/2

[Event "London Chess Classic FIDE Open"]
[Site "London ENG"]
[Date "2010.12.09"]
[Round "2"]
[White "Pedersen, Carsten"]
[Black "Stoma, Pawel"]
[Result "0-1"]
[WhiteElo "2154"]
[BlackElo "2351"]
[WhiteFideId "1409760"]
[BlackFideId "1113569"]
[EventDate "2010.12.08"]

1. e4 c6 2. d4 d5 3. exd5 cxd5 4. Bd3 Nc6 5. c3 Nf6 6. Bf4 Bg4 7. Qb3 Na5 8.
Qa4+ Bd7 9. Qc2 Nh5 10. Be3 g6 11. Nd2 Bg7 12. Ne2 Rc8 13. O-O O-O 14. a4 Qc7
15. f4 Nf6 16. f5 Nc4 17. Bf4 Qb6 18. Bxc4 dxc4 19. Ng3 Nd5 20. a5 Qb5 21. Nde4
gxf5 22. Nd2 e6 23. Nh5 f6 24. Nxg7 Kxg7 25. Rf3 Kf7 26. Nf1 Rg8 27. Qd2 Bc6 28.
Rf2 Rg6 29. Ng3 Rcg8 30. Re1 Qxa5 31. Qe2 Nxf4 32. Rxf4 Qd5 33. Rf2 Rg4 34. Kf1
R8g5 35. Nxf5 Rxg2 36. Ng3 Rg1+ 37. Kxg1 Qh1# 0-1

[Event "London Chess Classic FIDE Open"]
[Site "London ENG"]
[Date "2010.12.09"]
[Round "2"]
[White "Berry, Neil"]
[Black "Lasinskas, Povilas"]
[Result "1/2-1/2"]
[WhiteTitle "FM"]
[BlackTitle "FM"]
[WhiteElo "2346"]
[BlackElo "2162"]
[WhiteFideId "2400650"]
[BlackFideId "12800503"]
[EventDate "2010.12.08"]

1. d4 Nf6 2. c4 e6 3. g3 d5 4. Nf3 c5 5. cxd5 Nxd5 6. Bg2 Nc6 7. O-O Be7 8. Nc3
O-O 9. Nxd5 Qxd5 10. Be3 Qh5 11. dxc5 e5 12. Qb3 Rb8 13. Rfd1 Be6 14. Qc3 Bf6
15. b4 a6 16. a4 Ne7 17. b5 axb5 18. axb5 h6 19. Ra7 Nd5 20. Qc1 Rfc8 21. Ne1 e4
22. Bxe4 Nc3 23. Bf3 Bg4 24. Rd2 Bxf3 25. Nxf3 Nxb5 26. Ra4 Nc3 27. Ra3 Nxe2+
28. Rxe2 Qxf3 29. Re1 Ra8 30. Rxa8 Rxa8 31. Qc4 Re8 32. Qb5 Re7 33. Qd3 h5 34.
h4 Bxh4 35. gxh4 Re4 36. Qd8+ Kh7 37. Kf1 f6 38. Qd3 f5 39. Qd1 Qh3+ 40. Ke2 f4
41. Qd3 Qf5 42. Kf1 fxe3 43. Rxe3 Rf4 44. Qxf5+ Rxf5 45. Re7 Rxc5 46. Rxb7 Rc4
47. Rb6 Rxh4 48. Kg2 Rf4 49. Kg3 Rg4+ 50. Kh3 Rg6 51. Rb5 Kh6 52. f3 Ra6 53. Kg3
Ra4 54. f4 Ra3+ 55. Kg2 Ra2+ 56. Kg3 Ra3+ 57. Kg2 Ra6 58. Kg3 Rg6+ 59. Kf3 Rg1
60. Kf2 Rg4 61. Kf3 Rg6 62. Ra5 h4 63. Kf2 Rg4 64. Kf3 Rg3+ 65. Kf2 Rb3 66. Kg2
h3+ 67. Kh2 Rf3 68. Rb5 Kg6 69. Ra5 Kf6 70. Rb5 g6 71. Ra5 Rxf4 72. Kxh3 Rf5 73.
Ra4 Rf1 74. Kg3 Rb1 75. Ra5 Rb6 76. Kg4 Re6 77. Kf4 Rc6 78. Rb5 Rc1 79. Kg3 Kg7
80. Ra5 Kh6 81. Rb5 Rc3+ 82. Kg4 Rc1 83. Ra5 Rg1+ 84. Kf4 g5+ 85. Kf3 Rf1+ 86.
Kg4 Rg1+ 87. Kf3 Rf1+ 88. Kg4 Rf4+ 89. Kg3 Rb4 90. Ra8 Rb6 91. Kg4 Rb4+ 92. Kg3
Rb1 93. Kg4 Rg1+ 94. Kf3 Kg6 95. Rg8+ Kf7 96. Ra8 Kg7 97. Kf2 Rb1 98. Ra6 Rb7
99. Kg3 Rf7 100. Kg4 Rf6 101. Rxf6 Kxf6 102. Kg3 Kf7 103. Kf3 Kg7 104. Kg4 1/2-1/2

[Event "London Chess Classic FIDE Open"]
[Site "London ENG"]
[Date "2010.12.09"]
[Round "2"]
[White "Zymberi, Astrit"]
[Black "Piper, Matthew S"]
[Result "0-1"]
[WhiteElo "2148"]
[BlackElo "2343"]
[WhiteFideId "4700295"]
[BlackFideId "401463"]
[EventDate "2010.12.08"]

1. d4 Nf6 2. c4 e6 3. Nf3 Bb4+ 4. Bd2 Qe7 5. g3 Nc6 6. Bg2 Bxd2+ 7. Nbxd2 d6 8.
e4 a5 9. O-O e5 10. d5 Nb8 11. Ne1 h5 12. h4 O-O 13. Nd3 c6 14. b3 Na6 15. a3
Bd7 16. Qe2 Rfe8 17. Rae1 Rac8 18. Qe3 Qd8 19. f3 cxd5 20. exd5 b5 21. Qa7 Ra8
22. Qf2 bxc4 23. bxc4 Rb8 24. Rb1 Bf5 25. Rxb8 Qxb8 26. Ne4 Bxe4 27. fxe4 Qc7
28. Rc1 Ng4 29. Qf3 Qb6+ 30. Kh1 Qb3 31. Ne1 Rb8 32. Rc3 Qb1 33. Qe2 Rb2 34. Qf1
Rf2 35. Qg1 Nc5 36. Nf3 Qb2 0-1

[Event "London Chess Classic FIDE Open"]
[Site "London ENG"]
[Date "2010.12.09"]
[Round "2"]
[White "Crouch, Colin S"]
[Black "Quinn, John M"]
[Result "1-0"]
[WhiteTitle "IM"]
[WhiteElo "2335"]
[BlackElo "2149"]
[WhiteFideId "400947"]
[BlackFideId "405043"]
[EventDate "2010.12.08"]

1. d4 Nf6 2. Nf3 g6 3. Bg5 Bg7 4. Nbd2 c5 5. Bxf6 Bxf6 6. Ne4 cxd4 7. Nxf6+ exf6
8. Nxd4 Qb6 9. Nb3 O-O 10. g3 Qc6 11. Rg1 Re8 12. Bg2 Qc7 13. Qd2 a5 14. Nd4 Nc6
15. Nb5 Qe5 16. c4 a4 17. f4 Qc5 18. Rf1 Na5 19. Bd5 Ra6 20. Qd4 Qb4+ 21. Qc3
Qc5 22. O-O-O Kg7 23. e4 d6 24. f5 Re5 25. fxg6 hxg6 26. Kb1 Bg4 27. Rd2 Ra8 28.
h3 Bxh3 29. Rh1 Be6 30. Bxe6 Rxe6 31. Rdh2 Rae8 32. Rh7+ Kf8 33. Rh8+ Ke7 34.
Rxe8+ Kxe8 35. Qxa5 Rxe4 36. Qa8+ 1-0

[Event "London Chess Classic FIDE Open"]
[Site "London ENG"]
[Date "2010.12.09"]
[Round "2"]
[White "Valenti, Richard"]
[Black "Zhou, Yang-Fan"]
[Result "0-1"]
[BlackTitle "FM"]
[WhiteElo "2124"]
[BlackElo "2326"]
[WhiteFideId "602752"]
[BlackFideId "468584"]
[EventDate "2010.12.08"]

1. e4 c5 2. Nf3 d6 3. d3 Nc6 4. g3 g6 5. Bg2 Bg7 6. O-O Nf6 7. a4 O-O 8. Nbd2 a6
9. Nc4 Be6 10. Ne3 h6 11. Nh4 d5 12. f4 dxe4 13. f5 Bc8 14. fxg6 exd3 15. Bxc6
bxc6 16. Nef5 fxg6 17. Nxg6 Bxf5 18. Rxf5 Qd4+ 19. Kg2 d2 20. Nxf8 dxc1=Q 21.
Rxc1 Rxf8 22. Qe2 Qe4+ 23. Qxe4 Nxe4 24. Rxf8+ Kxf8 25. Re1 Nd6 26. Re3 c4 27.
b3 c3 28. Rf3+ Ke8 29. Rf4 e5 30. Rb4 Nf5 31. Kf2 Kd7 32. g4 Ne7 33. Rb7+ Kd6
34. Ra7 Bf6 35. Rxa6 Nd5 36. Ra8 Nb4 37. Ke3 Nxc2+ 38. Kd3 Ne1+ 39. Kxc3 e4+ 40.
Kd2 Nf3+ 41. Ke3 Kd5 42. Ra5+ c5 43. b4 Bd4+ 44. Kf4 Nxh2 45. Rxc5+ Bxc5 46.
bxc5 Nf3 47. a5 Nd4 0-1

[Event "London Chess Classic FIDE Open"]
[Site "London ENG"]
[Date "2010.12.09"]
[Round "2"]
[White "Webb, Laurence E"]
[Black "Tozer, Philip"]
[Result "1/2-1/2"]
[WhiteTitle "FM"]
[WhiteElo "2322"]
[BlackElo "2123"]
[WhiteFideId "402389"]
[BlackFideId "419982"]
[EventDate "2010.12.08"]

1. d4 e6 2. c4 f5 3. g3 Nf6 4. Bg2 c6 5. Nd2 d5 6. Nh3 Bd6 7. Nf3 O-O 8. O-O
Nbd7 9. Bf4 Be7 10. Nhg5 Nb8 11. Ne5 Ng4 12. Ngf3 g5 13. Bd2 Nxe5 14. Nxe5 Nd7
15. Nxd7 Bxd7 16. Rc1 Qb6 17. Bc3 dxc4 18. e4 Bf6 19. Qe2 Bxd4 20. exf5 Rxf5 21.
Rcd1 c5 22. Qe4 Raf8 23. Bxd4 cxd4 24. Rxd4 R8f7 25. Bh3 R5f6 26. Qe5 Qxb2 27.
Qxg5+ Kf8 28. Qc5+ Kg7 29. Rxc4 Qxa2 30. Rg4+ Rg6 31. Qd4+ Kg8 32. Rxg6+ hxg6
33. Qe4 Rf6 34. Qxb7 Qa4 35. Qb8+ Kg7 36. Qd6 Bb5 37. Rc1 Qa2 38. Qd4 Qd5 39.
Rc7+ Kh6 40. Qe3+ g5 41. Qc1 Qd4 42. Rc2 e5 43. Bg2 Bd3 44. h4 Rf5 45. hxg5+ Kh5
46. Rd2 e4 47. Ra2 Rxg5 48. Qc8 Rxg3 49. Ra5+ Rg5 50. Qh3+ Kg6 51. Qe6+ Kh5 52.
Qe8+ Kg4 53. Qe6+ Kh5 54. Qf7+ Kg4 55. Qe6+ Kh5 56. Qh3+ Kg6 57. Rxg5+ Kxg5 58.
Qg3+ Kf6 1/2-1/2

[Event "London Chess Classic FIDE Open"]
[Site "London ENG"]
[Date "2010.12.09"]
[Round "2"]
[White "Cannon, Richard J"]
[Black "Getz, Nicolai"]
[Result "0-1"]
[WhiteElo "2119"]
[BlackElo "2317"]
[WhiteFideId "408670"]
[BlackFideId "1505572"]
[EventDate "2010.12.08"]

1. e4 c5 2. Nc3 Nc6 3. g3 g6 4. Bg2 Bg7 5. d3 d6 6. Be3 e5 7. Qd2 Nd4 8. Nd1 Ne7
9. c3 Ne6 10. f4 exf4 11. gxf4 d5 12. Ne2 d4 13. Bf2 Bd7 14. c4 Bc6 15. Rg1 f5
16. e5 Bh6 17. h4 Bxg2 18. Rxg2 Nc6 19. Rg5 Bxg5 20. hxg5 h6 21. gxh6 Rxh6 22.
Ng1 g5 23. fxg5 Qxg5 24. Qxg5 Nxg5 25. Bg3 Nxe5 26. Nf2 Ng6 27. Bd6 b6 28. b4
Rc8 29. bxc5 bxc5 30. Rb1 Kd7 31. Bb8 Nh4 32. Bxa7 Ng2+ 33. Kf1 Ne3+ 34. Ke2 Ra6
35. Bb8 Rxa2+ 36. Ke1 Re8 0-1

[Event "London Chess Classic FIDE Open"]
[Site "London ENG"]
[Date "2010.12.09"]
[Round "2"]
[White "Schweitzer, Werner"]
[Black "Rodriguez Lopez, Rafael"]
[Result "0-1"]
[BlackTitle "IM"]
[WhiteElo "2115"]
[BlackElo "2305"]
[WhiteFideId "1622927"]
[BlackFideId "2204495"]
[EventDate "2010.12.08"]

1. e4 c5 2. Nf3 d6 3. d4 cxd4 4. Nxd4 Nf6 5. Nc3 a6 6. Be3 e5 7. Nf3 Be7 8. Be2
O-O 9. O-O h6 10. a4 Be6 11. h3 Nbd7 12. Nd2 Rc8 13. f4 exf4 14. Bxf4 Qb6+ 15.
Kh1 Qxb2 16. Nd5 Bxd5 17. exd5 Qxc2 18. Bf3 Qxd1 19. Rfxd1 Ne5 20. Bxe5 dxe5 21.
d6 Bxd6 22. Bxb7 Rc2 23. Bxa6 Bb4 24. Nf3 e4 25. Nd4 Rb2 26. Rab1 Rxb1 27. Rxb1
Bc5 28. Ne2 Ra8 29. Bb5 Ra7 30. Rc1 Bb6 31. Rc6 Ba5 32. Ra6 Rxa6 33. Bxa6 Kf8
34. Nd4 Bb6 35. Nc6 Nd5 36. a5 Bc5 37. Bc4 Nc3 38. Ne5 Ke7 39. Nxf7 e3 40. Ne5
Kd6 41. Nd3 e2 42. g3 Bf2 43. a6 Kc7 44. Kg2 e1=Q 45. Nxe1 Bxe1 46. Kf3 Kb6 47.
Kf4 Na4 48. g4 Bh4 49. Kf5 Nc5 50. Kg6 Bf6 51. h4 Nxa6 52. g5 hxg5 53. h5 Bb2
54. Kxg5 Bc1+ 55. Kg6 Bh6 56. Kf5 Nc7 57. Bf7 Kc5 58. Ba2 Ne8 59. Bb3 Nf6 60.
Bd1 Kd4 61. Be2 Ke3 62. Bd1 Kf2 63. Kg6 Kg3 64. Be2 Nd5 65. Bd1 Kh4 66. Bf3 Nf4+
67. Kh7 Nxh5 68. Kg6 Nf4+ 69. Kh7 Kg5 70. Be4 Kf6 71. Bb1 Bg5 72. Be4 Bh4 73.
Bf3 Be1 74. Bg4 Bc3 75. Bf3 Kg5 76. Be4 Kh4 77. Bf3 g5 78. Kh6 g4 79. Bxg4 Kxg4
80. Kh7 Kf5 81. Kg8 Ke6 82. Kf8 Nd3 83. Ke8 Ba5 84. Kf8 Ne5 85. Kg7 Bd2 86. Kf8
Nc6 87. Kg7 Ne7 88. Kf8 Nf5 89. Ke8 Ba5 90. Kf8 Bb6 91. Kg8 Kf6 92. Kf8 Ng7 93.
Kg8 Kg6 94. Kf8 Bc5+ 95. Kg8 Nf5 96. Kh8 Bd6 0-1

[Event "London Chess Classic FIDE Open"]
[Site "London ENG"]
[Date "2010.12.09"]
[Round "2"]
[White "Hebbes, Tim"]
[Black "Roberson, Peter T"]
[Result "1/2-1/2"]
[WhiteElo "2108"]
[BlackElo "2291"]
[WhiteFideId "406570"]
[BlackFideId "412384"]
[EventDate "2010.12.08"]

1. Nf3 b6 2. c4 Bb7 3. Nc3 e6 4. e4 Bb4 5. Qc2 Ne7 6. a3 Bxc3 7. dxc3 d6 8. Bd3
Nd7 9. b4 e5 10. Bg5 O-O 11. Nd2 h6 12. Bh4 Qe8 13. f3 Ng6 14. Bf2 Nf4 15. Bf1
Qe6 16. h4 Qe7 17. g3 Ne6 18. Bh3 c6 19. Nf1 d5 20. Ne3 Nf6 21. Rd1 Rfd8 22. O-O
Rac8 23. Rd2 dxe4 24. Rxd8+ Rxd8 25. fxe4 g6 26. Bg2 Rd7 27. Rd1 Qd8 28. Rxd7
Qxd7 29. Kf1 Ba6 30. Ke2 Ne8 31. Bf1 Nd6 32. Ke1 h5 33. Qd2 Qe7 34. Bd3 Bb7 35.
Qe2 Nf8 36. Ng2 Qe6 37. c5 Nc8 38. Bc4 Qe7 39. Kf1 Ne6 40. cxb6 Nxb6 41. Bb3 Qd6 1/2-1/2

[Event "London Chess Classic FIDE Open"]
[Site "London ENG"]
[Date "2010.12.09"]
[Round "2"]
[White "Afek, Yochanan"]
[Black "Hadi, Justin"]
[Result "1-0"]
[WhiteTitle "IM"]
[WhiteElo "2283"]
[BlackElo "2043"]
[WhiteFideId "2800462"]
[BlackFideId "409154"]
[EventDate "2010.12.08"]

1. e4 Nc6 2. Nf3 Nf6 3. Nc3 d5 4. exd5 Nxd5 5. Bc4 Nb6 6. Bb3 Bf5 7. a4 a5 8. d4
e6 9. Bf4 Be7 10. O-O O-O 11. Nb5 Rc8 12. c3 Bf6 13. h3 Re8 14. Re1 h6 15. Bg3
Bh7 16. Bc2 Bxc2 17. Qxc2 Nd5 18. Rad1 Nce7 19. Qb3 Nf5 20. Bh2 c6 21. Na3 Qb6
22. Qa2 Qa7 23. Nc4 Rcd8 24. Qb3 Rf8 25. Nfe5 Be7 26. Rd3 c5 27. dxc5 Bxc5 28.
Re2 Nf6 29. Qd1 Rd5 30. Ng4 Rfd8 31. Nxf6+ gxf6 32. Rxd5 Rxd5 33. Qe1 b6 34. Rd2
Qd7 35. b3 Rxd2 36. Qxd2 Qxd2 37. Nxd2 e5 38. Ne4 Be7 39. f4 Nd6 40. Nxd6 Bxd6
41. Kf1 Kf8 42. Ke2 Ke7 43. Kd3 Kd7 44. Ke4 Ke6 45. g4 Bc7 46. f5+ Ke7 47. Bg1
Kf8 48. Be3 Kg7 49. Kd5 1-0

[Event "London Chess Classic FIDE Open"]
[Site "London ENG"]
[Date "2010.12.09"]
[Round "2"]
[White "Mcgowan, Daniel"]
[Black "Prosviriakov, Vladimir"]
[Result "1/2-1/2"]
[BlackTitle "IM"]
[WhiteElo "2082"]
[BlackElo "2280"]
[WhiteFideId "2401479"]
[BlackFideId "2004860"]
[EventDate "2010.12.08"]

1. e4 Nc6 2. Nf3 e5 3. Bb5 a6 4. Ba4 d6 5. h3 Nf6 6. d3 g6 7. c3 Bg7 8. O-O O-O
9. Re1 Nh5 10. Nbd2 Nf4 11. Nf1 f5 12. exf5 Bxf5 13. Bxf4 exf4 14. d4 Kh8 15.
Bc2 Bd7 16. N1d2 d5 17. Nb3 b6 18. Nbd2 Qf6 19. Ne5 Nxe5 20. dxe5 Qe7 21. Nf3
Be6 22. Qe2 c5 23. Rad1 a5 24. Bb3 Rfd8 25. Rd2 a4 26. Bc2 a3 27. b3 Bh6 28.
Red1 Qe8 29. Bd3 Qc6 30. c4 d4 31. Be4 Qc8 32. Bxa8 Qxa8 33. Nxd4 cxd4 34. Rxd4
Rf8 35. f3 Qc8 36. Rd6 Re8 37. Kh2 Bf8 38. Rxb6 Qc7 39. Ra6 Qb7 1/2-1/2

[Event "London Chess Classic FIDE Open"]
[Site "London ENG"]
[Date "2010.12.09"]
[Round "2"]
[White "Arkell, Keith C"]
[Black "Seymour, Timothy P"]
[Result "1-0"]
[WhiteTitle "GM"]
[WhiteElo "2431"]
[BlackElo "2052"]
[WhiteFideId "400270"]
[BlackFideId "412112"]
[EventDate "2010.12.08"]

1. d4 f5 2. Bg5 g6 3. Nd2 Bg7 4. e4 fxe4 5. Nxe4 d5 6. Ng3 c5 7. Nf3 Nc6 8. dxc5
Bxb2 9. Rb1 Bc3+ 10. Bd2 Qa5 11. Bb5 Bg4 12. Bxc3 Qxc3+ 13. Qd2 Qxd2+ 14. Nxd2
Nf6 15. O-O e5 16. c4 O-O-O 17. cxd5 Rxd5 18. Bxc6 bxc6 19. Rb2 Kc7 20. f3 Bc8
21. Nge4 Nd7 22. Rc1 Ba6 23. Ng5 Bd3 24. Nde4 Bxe4 25. Nxe4 Rb8 26. Rxb8 Kxb8
27. Kf2 Kb7 28. Ke3 Kc8 29. g4 h6 30. h4 Kd8 31. h5 gxh5 32. gxh5 Ke7 33. Rg1
Nxc5 34. Rg7+ Kf8 35. Rxa7 Nxe4 36. Kxe4 Rd4+ 37. Kxe5 Rd5+ 38. Kf6 Rd6+ 39. Kf5
Rd5+ 40. Kg6 Rd6+ 41. Kh7 Rf6 42. Rc7 Rxf3 43. Rxc6 Ra3 44. Rf6+ Ke7 45. Rf2 Ra6
46. Kg7 Rb6 47. Re2+ Kd7 48. a4 Ra6 49. Re4 Kd8 50. Kf7 Ra7+ 51. Kf6 Ra6+ 52.
Kg7 Kd7 53. Kf7 Rd6 54. Re7+ Kd8 55. Re6 Rd4 56. Rxh6 Rxa4 57. Rd6+ Kc7 58. Rf6
Rh4 59. h6 Kd7 60. Rg6 Rf4+ 61. Kg7 Ke7 62. h7 1-0

[Event "London Chess Classic FIDE Open"]
[Site "London ENG"]
[Date "2010.12.09"]
[Round "2"]
[White "Milnes, Anthony C P"]
[Black "Pena Gomez, Manuel"]
[Result "0-1"]
[BlackTitle "IM"]
[WhiteElo "2080"]
[BlackElo "2429"]
[WhiteFideId "409634"]
[BlackFideId "2252813"]
[EventDate "2010.12.08"]

1. f4 c5 2. Nf3 g6 3. e4 Bg7 4. Nc3 Nc6 5. Bb5 Nd4 6. O-O e6 7. d3 Ne7 8. Nxd4
cxd4 9. Ne2 O-O 10. Bc4 f5 11. c3 b5 12. Bb3 dxc3 13. Nxc3 d5 14. e5 Nc6 15. d4
Qb6 16. Be3 a5 17. a4 b4 18. Ne2 Ba6 19. Rf2 g5 20. g3 Kh8 21. Bc2 gxf4 22. gxf4
Bh6 23. Qd2 b3 24. Bd3 Nb4 25. Nc1 Rg8+ 26. Kh1 Bc4 27. Bxc4 dxc4 28. Ne2 Qb7+ 0-1

[Event "London Chess Classic FIDE Open"]
[Site "London ENG"]
[Date "2010.12.09"]
[Round "2"]
[White "Hanley, Craig A"]
[Black "Nelson, Omowale"]
[Result "1/2-1/2"]
[WhiteTitle "IM"]
[WhiteElo "2428"]
[BlackElo "2063"]
[WhiteFideId "408514"]
[BlackFideId "7400209"]
[EventDate "2010.12.08"]

1. e4 c6 2. d4 d5 3. f3 e6 4. Nc3 Bb4 5. Bf4 Nf6 6. Qd3 O-O 7. Ne2 b5 8. e5 Nfd7
9. g4 Be7 10. Qe3 b4 11. Na4 Qa5 12. b3 c5 13. Bg5 Bxg5 14. Qxg5 Nc6 15. f4 Ba6
16. Ng3 Nxd4 17. O-O-O f6 18. exf6 Nxf6 19. f5 e5 20. Nh5 Nxh5 21. gxh5 Rxf5 22.
Qe7 Bxf1 23. Rhxf1 Qd8 24. Qb7 Qg5+ 25. Kb1 Raf8 26. Rg1 Qf6 27. Qxd5+ Kh8 28.
Qxc5 Rf2 29. h6 Qxh6 30. Qxe5 Nxc2 31. Nc5 Na3+ 32. Ka1 Nc2+ 33. Kb1 Na3+ 34.
Ka1 Nc2+ 1/2-1/2